[Event "Junior Online 4NCL Division 4"]
[Site "online"]
[Date "2020.11.12"]
[Round "7.192"]
[White "Hutchison, Alec"]
[Black "Illingworth-Law, Oscar"]
[Result "1-0"]
[WhiteElo "925"]
[BlackElo "1037"]
[PlyCount "133"]
[EventDate "2020.11.12"]
[WhiteTeam "Surbiton Juniors E"]
[BlackTeam "May The Fork Be With You 7"]

1. e4 e5 2. Nf3 Nc6 3. Bc4 Be7 4. Nc3 Nf6 5. d4 exd4 6. Nxd4 Bc5 7. Nxc6 bxc6
8. O-O O-O 9. Qe2 Re8 10. Be3 Bxe3 11. Qxe3 d5 12. Bb3 d4 13. Qd3 dxc3 14. Qxd8
Rxd8 15. bxc3 Nxe4 16. Rfd1 Rxd1+ 17. Rxd1 Bb7 18. Rd7 h6 19. Rxc7 Nc5 20. Rxf7
Kh8 21. Rf5 Rd8 22. h3 Rd1+ 23. Kh2 Nxb3 24. axb3 Rd2 25. Rf7 Ba6 26. Rxa7 Bf1
27. Rc7 Rxc2 28. Rxc6 Rxf2 29. Kg1 Rf8 30. b4 Bb5 31. Rc5 Rf1+ 32. Kh2 Be2 33.
g3 Rf2+ 34. Kg1 Rf1+ 35. Kg2 Rb1 36. Re5 Bf1+ 37. Kf2 Bxh3 38. Re1 Rb3 39. Re3
Rb2+ 40. Re2 Rb3 41. Re3 Bg4 42. Ke1 Rb1+ 43. Kd2 Rb2+ 44. Kc1 Rf2 45. c4 Rf1+
46. Kd2 Rf2+ 47. Kd3 Bf5+ 48. Kd4 Rd2+ 49. Kc5 Bd3 50. b5 Rg2 51. Rxd3 h5 52.
b6 Ra2 53. Rb3 Ra8 54. b7 Rb8 55. Kc6 Kg8 56. Kc7 Rxb7+ 57. Rxb7 g5 58. Rb5 h4
59. Rxg5+ Kh7 60. gxh4 Kh8 61. Kd6 Kh7 62. c5 Kh6 63. c6 Kh7 64. c7 Kh8 65.
c8=Q+ Kh7 66. Qd7+ Kh6 67. Qg7# 1-0

[Event "Junior Online 4NCL Division 4"]
[Site "online"]
[Date "2020.11.12"]
[Round "7.193"]
[White "Patel, Kamran"]
[Black "Ong-Seng, Miles"]
[Result "1-0"]
[WhiteElo "1037"]
[BlackElo "900"]
[PlyCount "55"]
[EventDate "2020.11.12"]
[WhiteTeam "May The Fork Be With You 7"]
[BlackTeam "Surbiton Juniors E"]

1. d4 e6 2. Nf3 d5 3. Bf4 Bd6 4. e3 Bxf4 5. exf4 Nf6 6. Bb5+ Bd7 7. Bd3 Nc6 8.
O-O O-O 9. a4 Nb4 10. Bb5 Bxb5 11. axb5 c6 12. bxc6 Nxc6 13. c3 Ne4 14. Re1 Re8
15. g3 Rc8 16. b3 h6 17. Ne5 Nxe5 18. fxe5 Nxc3 19. Nxc3 Rxc3 20. Rxa7 Rc7 21.
Qa1 Rc8 22. Qa3 b6 23. Rc1 Rb8 24. Rcc7 Qg5 25. Rxf7 Qd2 26. Rxg7+ Kh8 27. Rh7+
Kg8 28. Rag7# 1-0

[Event "Junior Online 4NCL Division 4"]
[Site "online"]
[Date "2020.11.12"]
[Round "7.194"]
[White "Ciais, Dimitri P"]
[Black "Patel, Isabella"]
[Result "0-1"]
[WhiteElo "827"]
[BlackElo "1075"]
[PlyCount "20"]
[EventDate "2020.11.12"]
[WhiteTeam "Surbiton Juniors E"]
[BlackTeam "May The Fork Be With You 7"]

1. e4 e5 2. Nf3 Nc6 3. Nc3 Nf6 4. Bc4 Be7 5. Ng5 O-O 6. O-O d6 7. Bb5 Ng4 8. f3
Bxg5 9. f4 Bxf4 10. Qxg4 Bxg4 0-1

[Event "Junior Online 4NCL Division 4"]
[Site "online"]
[Date "2020.11.12"]
[Round "7.195"]
[White "Sukumar, Vishnu"]
[Black "Bagchi, Aadi"]
[Result "1-0"]
[WhiteElo "1000"]
[BlackElo "1075"]
[PlyCount "26"]
[EventDate "2020.11.12"]
[WhiteTeam "Surbiton Juniors E"]
[BlackTeam "May The Fork Be With You 7"]

1. e4 e5 2. Nf3 Nc6 3. Nc3 Nf6 4. d4 exd4 5. Nxd4 Nxd4 6. Qxd4 b6 7. Bc4 Bc5 8.
Qe5+ Be7 9. Nd5 d6 10. Nxf6+ gxf6 11. Qh5 Bb7 12. Qxf7+ Kd7 13. Qe6+ Ke8 1-0

[Event "Junior Online 4NCL Division 4"]
[Site "online"]
[Date "2020.11.12"]
[Round "7.196"]
[White "Illingworth-Law, Oscar"]
[Black "Hutchison, Alec"]
[Result "1-0"]
[WhiteElo "1037"]
[BlackElo "925"]
[PlyCount "117"]
[EventDate "2020.11.12"]
[WhiteTeam "May The Fork Be With You 7"]
[BlackTeam "Surbiton Juniors E"]

1. e4 c5 2. d4 cxd4 3. Qxd4 Nc6 4. Qd1 Nf6 5. Nc3 g6 6. Bc4 Bg7 7. Nf3 O-O 8.
e5 Ne8 9. Ng5 e6 10. Nf3 Nxe5 11. Nxe5 Bxe5 12. Bh6 Bg7 13. Qd2 Qh4 14. Bxg7
Kxg7 15. O-O-O Qxc4 16. Rhe1 Nf6 17. b3 Qc7 18. Re3 Ng4 19. Rh3 b6 20. Rh4 f5
21. h3 Nf6 22. Qh6+ Kf7 23. g4 fxg4 24. hxg4 Qxc3 25. g5 Ng8 26. Qxh7+ Ke8 27.
Qxg6+ Kd8 28. Qg7 Rxf2 29. Qxc3 Bb7 30. Qd4 Rf7 31. g6 Re7 32. Rh8 Kc7 33. Qc4+
Bc6 34. Qa6 Bb7 35. Qc4+ Bc6 36. Qa6 Bb7 37. Qb5 Bc6 38. Qc4 d5 39. Qf4+ Kd7
40. c4 e5 41. Qf5+ Re6 42. Rh7+ Ne7 43. cxd5 Bxd5 44. Rxd5+ Kc6 45. Qf7 Kxd5
46. Qxe7 Rc8+ 47. Kd2 Rec6 48. Qd7+ Rd6 49. Qxc8 Rxg6 50. Rd7+ Ke4 51. Qc3 Rg2+
52. Kd1 Rg1+ 53. Kc2 Rg2+ 54. Kb1 Rg1+ 55. Kb2 Rg2+ 56. Ka3 Kf4 57. Rf7+ Ke4
58. Qc6+ Kd3 59. Qxg2 1-0

[Event "Junior Online 4NCL Division 4"]
[Site "online"]
[Date "2020.11.12"]
[Round "7.197"]
[White "Ong-Seng, Miles"]
[Black "Patel, Kamran"]
[Result "1-0"]
[WhiteElo "900"]
[BlackElo "1037"]
[PlyCount "89"]
[EventDate "2020.11.12"]
[WhiteTeam "Surbiton Juniors E"]
[BlackTeam "May The Fork Be With You 7"]

1. e4 e5 2. Nf3 Nc6 3. Bc4 Be7 4. Nc3 d6 5. O-O Nf6 6. b3 Be6 7. Bxe6 fxe6 8.
Bb2 Qd7 9. Ng5 h6 10. Nf3 O-O-O 11. d3 Kb8 12. Ba3 Rhg8 13. Nb5 a6 14. Nc3 g5
15. Re1 h5 16. Nd2 g4 17. g3 d5 18. exd5 exd5 19. Bxe7 Qxe7 20. d4 Nxd4 21. f4
Nf3+ 22. Nxf3 gxf3 23. Qxf3 e4 24. Qd1 Qc5+ 25. Kg2 Qxc3 26. f5 Qxg3+ 27. hxg3
h4 28. Kh3 hxg3 29. Kg2 Rg5 30. Qd2 Rh8 31. Qxg5 Rh2+ 32. Kxg3 Nh7 33. Qd8+ Ka7
34. Kxh2 Ng5 35. Qxg5 Kb8 36. Qg1 Kc8 37. f6 Kd8 38. f7 Ke7 39. Rf1 Kf8 40.
Qg8+ Ke7 41. f8=Q+ Kd7 42. Rf7+ Kc6 43. Qg6+ Kb5 44. a4+ Ka5 45. b4# 1-0

[Event "Junior Online 4NCL Division 4"]
[Site "online"]
[Date "2020.11.12"]
[Round "7.198"]
[White "Patel, Isabella"]
[Black "Ciais, Dimitri P"]
[Result "1-0"]
[WhiteElo "1075"]
[BlackElo "827"]
[PlyCount "25"]
[EventDate "2020.11.12"]
[WhiteTeam "May The Fork Be With You 7"]
[BlackTeam "Surbiton Juniors E"]

1. d4 d5 2. Bf4 Nc6 3. e3 Nf6 4. Nf3 Bg4 5. Bd3 e5 6. dxe5 Bb4+ 7. c3 Bc5 8.
exf6 Qxf6 9. h3 Bxf3 10. Qxf3 O-O 11. Qxd5 Bd6 12. Bg5 Qg6 13. Bxg6 1-0

[Event "Junior Online 4NCL Division 4"]
[Site "online"]
[Date "2020.11.12"]
[Round "7.201"]
[White "Toth, Nandor"]
[Black "Ehrlich, Ben"]
[Result "1-0"]
[WhiteElo "1172"]
[BlackElo "887"]
[PlyCount "29"]
[EventDate "2020.11.12"]
[WhiteTeam "St James Primary"]
[BlackTeam "Barnet Knights G"]

1. e4 e5 2. Nf3 Nc6 3. Nc3 Nf6 4. Bb5 a6 5. Bxc6 dxc6 6. Nxe5 Qd4 7. Nf3 Nxe4
8. Nxd4 Nd6 9. Qe2+ Be7 10. O-O O-O 11. Qxe7 Bg4 12. h3 Rfe8 13. Qxc7 Bxh3 14.
gxh3 Re6 15. Nxe6 1-0

[Event "Junior Online 4NCL Division 4"]
[Site "online"]
[Date "2020.11.12"]
[Round "7.202"]
[White "Grose, Ariyana"]
[Black "Crichton, Finlay"]
[Result "1-0"]
[WhiteElo "880"]
[BlackElo "1105"]
[PlyCount "27"]
[EventDate "2020.11.12"]
[WhiteTeam "Barnet Knights G"]
[BlackTeam "St James Primary"]

1. e4 e5 2. Nf3 Nc6 3. Bb5 Bb4 4. Bxc6 bxc6 5. Nxe5 d6 6. Nxc6 Qd7 7. Nxb4 Nf6
8. O-O Ng4 9. h3 Nf6 10. d3 O-O 11. Bg5 h6 12. Bxf6 gxf6 13. Nd5 Qf5 14. exf5
1-0

[Event "Junior Online 4NCL Division 4"]
[Site "online"]
[Date "2020.11.12"]
[Round "7.203"]
[White "Harle Smith, Joseph"]
[Black "Thompson, Alex"]
[Result "1-0"]
[WhiteElo "1030"]
[BlackElo "790"]
[PlyCount "108"]
[EventDate "2020.11.12"]
[WhiteTeam "St James Primary"]
[BlackTeam "Barnet Knights G"]

1. e4 e6 2. Nf3 Nc6 3. Nc3 Nf6 4. e5 Nd5 5. Nxd5 exd5 6. Bb5 d6 7. exd6 Bxd6 8.
Bxc6+ bxc6 9. O-O Bg4 10. Re1+ Kf8 11. h3 Bxf3 12. Qxf3 Rb8 13. b3 Rb4 14. Bb2
Rf4 15. Qc3 f6 16. Re2 Be5 17. Qc5+ Bd6 18. Qxa7 Rh4 19. Rae1 Kf7 20. Ba3 Be5
21. Qe3 Qd6 22. Bxd6 cxd6 23. f4 Rxf4 24. Rf2 Re4 25. Qa7+ Kg6 26. Rxe4 dxe4
27. Qd7 Rf8 28. Qf5+ Kf7 29. Qxe4 c5 30. Qxh7 Bd4 31. Qh5+ g6 32. Qh7+ Ke6 33.
Qxg6 Bxf2+ 34. Kxf2 Ra8 35. h4 Rxa2 36. h5 Ra1 37. h6 Rh1 38. h7 Kd5 39. Qg8+
Kd4 40. h8=Q Rxh8 41. Qxh8 c4 42. Qxf6+ Kc5 43. bxc4 Kxc4 44. g4 Kb4 45. g5 Ka3
46. g6 Ka2 47. g7 Kb1 48. g8=Q Kxc2 49. Qf5+ Kxd2 50. Qf4+ Kd3 51. Qgg3+ Kc2
52. Kg2 Kd1 53. Kh3 Ke2 54. Qff2+ Kd1 1-0

[Event "Junior Online 4NCL Division 4"]
[Site "online"]
[Date "2020.11.12"]
[Round "7.204"]
[White "Scheffel, Oliver"]
[Black "James, Arjun"]
[Result "1-0"]
[WhiteElo "812"]
[BlackElo "962"]
[PlyCount "143"]
[EventDate "2020.11.12"]
[WhiteTeam "Barnet Knights G"]
[BlackTeam "St James Primary"]

1. e4 e5 2. Nf3 Nc6 3. Bc4 h6 4. O-O Nf6 5. Nc3 Ng4 6. d3 d6 7. Bb5 Bd7 8. Bxc6
Bxc6 9. Be3 g6 10. d4 Bg7 11. d5 Bb5 12. Nxb5 a6 13. Nc3 c5 14. a3 Nxe3 15.
fxe3 g5 16. b4 h5 17. bxc5 g4 18. Nd2 g3 19. h3 dxc5 20. Na4 Qh4 21. Nxc5 Rc8
22. Nxb7 Rb8 23. Nc5 Rc8 24. Nxa6 O-O 25. Nb4 f5 26. exf5 e4 27. Rf4 Qf6 28.
Nxe4 Qxa1 29. Qxa1 Bxa1 30. Nxg3 Rfe8 31. f6 Rxe3 32. f7+ Kg7 33. Nxh5+ Kg6 34.
f8=Q Rxf8 35. Rxf8 Kxh5 36. d6 Bg7 37. d7 Bxf8 38. d8=Q Re2 39. Qxf8 Re1+ 40.
Kh2 Kg5 41. h4+ Kxh4 42. Qg7 Kh5 43. Kh3 Rh1+ 44. Kg3 Re1 45. Qe5+ Rxe5 46. Kf4
Re7 47. g4+ Kh4 48. g5 Rf7+ 49. Ke5 Kxg5 50. c4 Rc7 51. Kd5 Rd7+ 52. Kc6 Rd1
53. c5 Rc1 54. a4 Kf6 55. a5 Ra1 56. a6 Rxa6+ 57. Nxa6 Ke5 58. Kd7 Kd5 59. c6
Ke5 60. c7 Kf6 61. c8=Q Ke5 62. Qc6 Kf4 63. Qd5 Ke3 64. Qc4 Kd2 65. Qb3 Kc1 66.
Qd3 Kb2 67. Qc4 Ka3 68. Qb5 Ka2 69. Qb4 Ka1 70. Nc5 Ka2 71. Nd3 Ka1 72. Qb2#
1-0

[Event "Junior Online 4NCL Division 4"]
[Site "online"]
[Date "2020.11.12"]
[Round "7.205"]
[White "Ehrlich, Ben"]
[Black "Toth, Nandor"]
[Result "0-1"]
[WhiteElo "887"]
[BlackElo "1172"]
[PlyCount "120"]
[EventDate "2020.11.12"]
[WhiteTeam "Barnet Knights G"]
[BlackTeam "St James Primary"]

1. e4 e5 2. Nf3 Nc6 3. Bc4 Bc5 4. c3 Nf6 5. d4 exd4 6. cxd4 Bb4+ 7. Bd2 Bxd2+
8. Nbxd2 O-O 9. Nf1 Nxe4 10. Qd3 Re8 11. Ne3 d5 12. Bb5 Nb4 13. Qb3 c6 14. Be2
a5 15. a3 Na6 16. Qc2 Nc7 17. Bd3 Nb5 18. a4 Nbd6 19. O-O Nf5 20. Ne5 Nxe3 21.
fxe3 f6 22. Bxe4 dxe4 23. Qxe4 fxe5 24. dxe5 Qg5 25. Rf3 Rxe5 26. Qc4+ Be6 27.
Qd4 Bg4 28. Rg3 h5 29. Qc4+ Kh7 30. h3 Rxe3 31. Qc2+ g6 32. Qd2 Rae8 33. hxg4
hxg4 34. Rxe3 Qxe3+ 35. Qxe3 Rxe3 36. Kf2 Rb3 37. Rh1+ Kg7 38. Rh4 g3+ 39. Ke2
Rxb2+ 40. Kf3 Rb3+ 41. Kg4 Kf6 42. Rh3 Rb4+ 43. Kxg3 Rxa4 44. Kh2 b5 45. Rf3+
Ke5 46. Re3+ Re4 47. Rc3 Rc4 48. Re3+ Kd4 49. Re6 g5 50. Rg6 Rc5 51. Kg3 a4 52.
Kg4 a3 53. Rxg5 Rxg5+ 54. Kxg5 a2 55. Kf4 a1=Q 56. g4 Qf1+ 57. Kg3 Ke3 58. g5
Qg1+ 59. Kh4 Kf4 60. Kh5 Qxg5# 0-1

[Event "Junior Online 4NCL Division 4"]
[Site "online"]
[Date "2020.11.12"]
[Round "7.206"]
[White "Crichton, Finlay"]
[Black "Grose, Ariyana"]
[Result "0-1"]
[WhiteElo "1105"]
[BlackElo "880"]
[PlyCount "78"]
[EventDate "2020.11.12"]
[WhiteTeam "St James Primary"]
[BlackTeam "Barnet Knights G"]

1. e4 e5 2. Nf3 Nc6 3. Nc3 Nf6 4. Bc4 Nxe4 5. Nxe4 d5 6. Nc3 dxc4 7. d3 cxd3 8.
cxd3 Bb4 9. Bg5 Qd6 10. a3 Bxc3+ 11. bxc3 Bg4 12. Kd2 Bxf3 13. Qxf3 O-O 14. h4
h6 15. Be3 Rad8 16. Bxh6 Qxh6+ 17. Ke1 Rfe8 18. Kf1 Qf6 19. Qg4 Rxd3 20. Ke1 e4
21. Rd1 Qxc3+ 22. Rd2 Qc1+ 23. Qd1 Qxd1+ 24. Kxd1 Rxd2+ 25. Kxd2 Rd8+ 26. Ke3
f5 27. f4 Rd3+ 28. Kf2 e3+ 29. Kg3 e2+ 30. Kf2 Rd2 31. Re1 Nd4 32. Ke3 Rd1 33.
Rxd1 exd1=Q 34. Kf2 Qd2+ 35. Kg1 Ne2+ 36. Kh2 Qxf4+ 37. Kh1 Qg3 38. a4 c5 39.
a5 Qxh4# 0-1

[Event "Junior Online 4NCL Division 4"]
[Site "online"]
[Date "2020.11.12"]
[Round "7.207"]
[White "Thompson, Alex"]
[Black "Harle Smith, Joseph"]
[Result "1-0"]
[WhiteElo "790"]
[BlackElo "1030"]
[PlyCount "41"]
[EventDate "2020.11.12"]
[WhiteTeam "Barnet Knights G"]
[BlackTeam "St James Primary"]

1. e4 e5 2. Nf3 Nc6 3. Nc3 Nf6 4. Bc4 Bc5 5. d3 h6 6. O-O O-O 7. Nd5 Nxd5 8.
Bxd5 Nd4 9. Nxe5 d6 10. Nf3 Nxf3+ 11. Qxf3 c6 12. Bc4 b5 13. Qg3 Qf6 14. Bb3
Rb8 15. c3 b4 16. cxb4 Bxb4 17. Bd1 Ba5 18. b3 Bc7 19. Rb1 d5 20. Bb2 Qe7 21.
Qxg7# 1-0

[Event "Junior Online 4NCL Division 4"]
[Site "online"]
[Date "2020.11.12"]
[Round "7.208"]
[White "James, Arjun"]
[Black "Scheffel, Oliver"]
[Result "0-1"]
[WhiteElo "962"]
[BlackElo "812"]
[PlyCount "40"]
[EventDate "2020.11.12"]
[WhiteTeam "St James Primary"]
[BlackTeam "Barnet Knights G"]

1. e4 e5 2. Nf3 Nc6 3. d4 exd4 4. Nxd4 Nxd4 5. Qxd4 d6 6. Bc4 c5 7. Qd5 Be6 8.
Qd3 Bxc4 9. Qxc4 Nf6 10. Qb5+ Nd7 11. Qxb7 Be7 12. Bf4 O-O 13. Nc3 Bf6 14.
O-O-O Bxc3 15. bxc3 Qf6 16. Qxd7 Qxf4+ 17. Kb2 Qxe4 18. Rhg1 Rab8+ 19. Ka1 Qxc2
20. Rxd6 Qb2# 0-1

[Event "Junior Online 4NCL Division 4"]
[Site "online"]
[Date "2020.11.12"]
[Round "7.211"]
[White "Rupani, Adam"]
[Black "Kucukyildiz, Alp Tugrul"]
[Result "0-1"]
[WhiteElo "1045"]
[BlackElo "1360"]
[PlyCount "26"]
[EventDate "2020.11.12"]
[WhiteTeam "Barnet Knights F"]
[BlackTeam "Wimbledon Juniors"]

1. e4 e5 2. Nf3 Nf6 3. Bb5 c6 4. Bc4 d5 5. Bb3 dxe4 6. Nh4 Nd5 7. Ba4 Qxh4 8.
O-O Qg4 9. Qe1 Bd6 10. Na3 Bxa3 11. bxa3 Qg6 12. d3 Bh3 13. Bb3 Qxg2# 0-1

[Event "Junior Online 4NCL Division 4"]
[Site "online"]
[Date "2020.11.12"]
[Round "7.212"]
[White "Li, Sophia"]
[Black "O'Donnell, Arthur"]
[Result "0-1"]
[WhiteElo "1270"]
[BlackElo "1030"]
[PlyCount "116"]
[EventDate "2020.11.12"]
[WhiteTeam "Wimbledon Juniors"]
[BlackTeam "Barnet Knights F"]

1. e4 c5 2. Nc3 e6 3. f4 Qh4+ 4. g3 Qd8 5. Nf3 Nc6 6. Bb5 Qb6 7. Bxc6 Qxc6 8.
O-O b5 9. Ne5 Qb6 10. d3 d6 11. Ng4 h5 12. Ne3 b4 13. Ne2 Bb7 14. f5 Qc6 15.
fxe6 fxe6 16. Qe1 d5 17. Qf2 Nf6 18. Nf4 d4 19. Nc4 Ng8 20. Ng6 Nf6 21. Nxh8
O-O-O 22. Na5 Qb6 23. Nxb7 Qxb7 24. Ng6 Ng4 25. Qf3 Nf6 26. Bg5 Be7 27. Bxf6
Bxf6 28. a4 Qf7 29. a5 Qxg6 30. a6 Rf8 31. e5 Bxe5 32. Qxf8+ Kc7 33. Rf7+ Kb6
34. Rb7+ Kc6 35. Qc8+ Kd5 36. Rd7+ Bd6 37. c4+ Ke5 38. Re1+ Kf5 39. Rf1+ Ke5
40. Qc6 Bb8 41. Re7 h4 42. Re1+ Kf5 43. Qf3+ Kg5 44. Kh1 hxg3 45. Qxg3+ Bxg3
46. hxg3 Qxd3 47. Re5+ Kg4 48. Rxg7+ Kf3 49. Rf7+ Kxg3 50. Rg5+ Kh4 51. Rg8
Qd1+ 52. Kg2 Qd2+ 53. Kf3 Qd3+ 54. Kf4 Qf1+ 55. Ke5 Qxf7 56. Rh8+ Kg5 57. Rh1
Qf6+ 58. Ke4 Qf5# 0-1

[Event "Junior Online 4NCL Division 4"]
[Site "online"]
[Date "2020.11.12"]
[Round "7.213"]
[White "Marshall, Wilfred"]
[Black "Shan-Muhammad, Rohan"]
[Result "1-0"]
[WhiteElo "887"]
[BlackElo "1075"]
[PlyCount "55"]
[EventDate "2020.11.12"]
[WhiteTeam "Barnet Knights F"]
[BlackTeam "Wimbledon Juniors"]

1. e3 e5 2. d3 Nc6 3. c4 Nf6 4. Nc3 Bc5 5. Nf3 d6 6. d4 exd4 7. exd4 Bb6 8. d5
Ne5 9. Qe2 O-O 10. Bf4 Re8 11. Nxe5 dxe5 12. Bg5 h6 13. Bh4 Bd4 14. Ne4 g5 15.
Nxf6+ Qxf6 16. Bg3 c6 17. dxc6 bxc6 18. f3 Bxb2 19. Qxb2 e4 20. Qxf6 exf3+ 21.
Be5 f2+ 22. Kxf2 Kf8 23. Bd6+ Kg8 24. Qxh6 Be6 25. Qxg5+ Kh7 26. Bd3+ Kh8 27.
Qh6+ Kg8 28. Qh7# 1-0

[Event "Junior Online 4NCL Division 4"]
[Site "online"]
[Date "2020.11.12"]
[Round "7.214"]
[White "Tan, Adam"]
[Black "Morin, Julian"]
[Result "0-1"]
[WhiteElo "925"]
[BlackElo "900"]
[PlyCount "34"]
[EventDate "2020.11.12"]
[WhiteTeam "Wimbledon Juniors"]
[BlackTeam "Barnet Knights F"]

1. e4 e5 2. Nf3 Nc6 3. Bc4 Bc5 4. O-O Nf6 5. Nc3 O-O 6. d3 d6 7. Bg5 Bg4 8. Qd2
Bxf3 9. gxf3 Qd7 10. Bxf6 gxf6 11. f4 Qh3 12. d4 exd4 13. f3 dxc3+ 14. Qf2
Bxf2+ 15. Rxf2 Kh8 16. Rg2 Rg8 17. Bxf7 Qxg2# 0-1

[Event "Junior Online 4NCL Division 4"]
[Site "online"]
[Date "2020.11.12"]
[Round "7.215"]
[White "Kucukyildiz, Alp Tugrul"]
[Black "Rupani, Adam"]
[Result "1-0"]
[WhiteElo "1360"]
[BlackElo "1045"]
[PlyCount "23"]
[EventDate "2020.11.12"]
[WhiteTeam "Wimbledon Juniors"]
[BlackTeam "Barnet Knights F"]

1. e4 e5 2. Nf3 Nc6 3. Bb5 Nf6 4. O-O Nxe4 5. Qe2 Nd6 6. Bxc6 dxc6 7. Nxe5 Bf5
8. Nxc6+ Qe7 9. Nxe7 Bxe7 10. Re1 Be4 11. d3 Bd5 12. Qxe7# 1-0

[Event "Junior Online 4NCL Division 4"]
[Site "online"]
[Date "2020.11.12"]
[Round "7.217"]
[White "Shan-Muhammad, Rohan"]
[Black "Marshall, Wilfred"]
[Result "1-0"]
[WhiteElo "1075"]
[BlackElo "887"]
[PlyCount "58"]
[EventDate "2020.11.12"]
[WhiteTeam "Wimbledon Juniors"]
[BlackTeam "Barnet Knights F"]

1. e4 c6 2. Nf3 d5 3. e5 f6 4. d4 Bf5 5. Nc3 e6 6. Bd3 Bxd3 7. Qxd3 g5 8. exf6
Qxf6 9. Bxg5 Qg7 10. O-O c5 11. dxc5 Bxc5 12. Rae1 Qf7 13. Ne5 Qg7 14. Nf3 Nf6
15. Qb5+ Nc6 16. Qxc5 Rg8 17. Rxe6+ Kf7 18. Rfe1 h6 19. Ne5+ Kxe6 20. Nxc6+ Ne4
21. Nxe4 dxe4 22. Rxe4+ Kd7 23. Re7+ Qxe7 24. Bxe7 Rge8 25. Qd6+ Kc8 26. Ne5 a5
27. Qd7+ Kb8 28. Qxe8+ Ka7 29. Qa4 Ka6 1-0

[Event "Junior Online 4NCL Division 4"]
[Site "online"]
[Date "2020.11.12"]
[Round "7.218"]
[White "Morin, Julian"]
[Black "Tan, Adam"]
[Result "1-0"]
[WhiteElo "900"]
[BlackElo "925"]
[PlyCount "67"]
[EventDate "2020.11.12"]
[WhiteTeam "Barnet Knights F"]
[BlackTeam "Wimbledon Juniors"]

1. e4 e5 2. Nf3 Nc6 3. Bc4 Bc5 4. O-O Nf6 5. Nc3 O-O 6. Re1 d6 7. d3 Bg4 8. Bg5
Bh3 9. gxh3 Qe8 10. Bxf6 gxf6 11. Qd2 Kh8 12. Qh6 Rg8+ 13. Kf1 Rg3 14. fxg3 Qf8
15. Qxf8+ Rxf8 16. Nd5 Nd4 17. Nxd4 exd4 18. Nxc7 Rg8 19. c3 dxc3 20. bxc3 a6
21. Bxf7 Rg7 22. Ne6 Rxf7 23. Nxc5 dxc5 24. d4 c4 25. Kg1 f5 26. exf5 Rxf5 27.
Re8+ Kg7 28. Rb8 b5 29. Rf1 Rg5 30. Rb7+ Kh6 31. Rf6+ Kh5 32. g4+ Kh4 33. Rh6+
Rh5 34. Rxh5# 1-0

[Event "Junior Online 4NCL Division 4"]
[Site "online"]
[Date "2020.11.12"]
[Round "7.221"]
[White "Sharma, Krish"]
[Black "Wang, Yile"]
[Result "0-1"]
[WhiteElo "1150"]
[BlackElo "1195"]
[PlyCount "52"]
[EventDate "2020.11.12"]
[WhiteTeam "May The Fork Be With You 6"]
[BlackTeam "Ojays G"]

1. d4 d5 2. Bf4 Nc6 3. e3 Bf5 4. Nf3 Nf6 5. Nbd2 e6 6. c3 Bd6 7. Ne5 O-O 8. Bg3
Ne4 9. Nxe4 Bxe4 10. Bd3 Bxg2 11. Rg1 f6 12. Rxg2 fxe5 13. dxe5 Bxe5 14. Bxe5
Nxe5 15. Bc2 Rf6 16. Qh5 Nf3+ 17. Kd1 h6 18. Qg4 g5 19. Rg3 Ne5 20. Qh5 Kg7 21.
Kd2 Qe8 22. Rag1 Qxh5 23. Kc1 Rxf2 24. b3 Qe2 25. Bd1 Qd2+ 26. Kb1 Qb2# 0-1

[Event "Junior Online 4NCL Division 4"]
[Site "online"]
[Date "2020.11.12"]
[Round "7.222"]
[White "Baker, Lawrence"]
[Black "Kataria, Dhairya"]
[Result "0-1"]
[WhiteElo "1195"]
[BlackElo "1150"]
[PlyCount "36"]
[EventDate "2020.11.12"]
[WhiteTeam "Ojays G"]
[BlackTeam "May The Fork Be With You 6"]

1. e4 c6 2. Nf3 d5 3. d3 Bg4 4. Be2 Nd7 5. Nc3 e6 6. Be3 Bd6 7. h3 Bh5 8. d4
Bg6 9. e5 Be7 10. O-O f6 11. Bf4 Qc7 12. Bd3 f5 13. Re1 Bb4 14. a3 Bxc3 15.
bxc3 Ne7 16. Rb1 Bh5 17. c4 Ng6 18. c5 Nxf4 0-1

[Event "Junior Online 4NCL Division 4"]
[Site "online"]
[Date "2020.11.12"]
[Round "7.223"]
[White "Dalah, Jacob"]
[Black "Gascoyne, Thomas"]
[Result "0-1"]
[WhiteElo "1037"]
[BlackElo "1187"]
[PlyCount "126"]
[EventDate "2020.11.12"]
[WhiteTeam "May The Fork Be With You 6"]
[BlackTeam "Ojays G"]

1. e4 e5 2. Nf3 Nc6 3. Bc4 Bc5 4. O-O Nf6 5. d3 h6 6. Nc3 O-O 7. Be3 Bb6 8. Na4
d6 9. Nxb6 axb6 10. h3 Na5 11. Bb3 Nxb3 12. axb3 Rxa1 13. Qxa1 d5 14. exd5 Nxd5
15. Re1 Nb4 16. Qb1 Nd5 17. Nxe5 Nxe3 18. Rxe3 Re8 19. Qe1 f6 20. Ng6 Rxe3 21.
Qxe3 Bf5 22. Nh4 Bd7 23. Ng6 Qe8 24. Qxe8+ Bxe8 25. Nf4 g5 26. Ne6 c5 27. Nc7
Bd7 28. Na8 b5 29. Nb6 Bc6 30. c4 bxc4 31. Nxc4 Kf7 32. Nd6+ Ke6 33. Nc4 Kd5
34. Kf1 Kd4 35. Ke2 Bxg2 36. Nd6 Bxh3 37. Nxb7 Bg4+ 38. f3 Bc8 39. Nd6 Be6 40.
Nb5+ Ke5 41. Ke3 h5 42. d4+ Kf5 43. dxc5 h4 44. Nd4+ Ke5 45. Nxe6 Kxe6 46. b4
h3 47. b5 h2 48. Kf2 h1=Q 49. b6 Qh2+ 50. Kf1 Qxb2 51. Kg1 Qc1+ 52. Kh2 Qxc5
53. b7 Qb6 54. Kg3 Qxb7 55. f4 Qb3+ 56. Kg4 Qd1+ 57. Kg3 Kf5 58. fxg5 fxg5 59.
Kh2 Qg4 60. Kh1 Kf4 61. Kh2 Kf3 62. Kh1 Kf2 63. Kh2 Qg2# 0-1

[Event "Junior Online 4NCL Division 4"]
[Site "online"]
[Date "2020.11.12"]
[Round "7.224"]
[White "Conlon, George"]
[Black "Bengani, Arihant"]
[Result "0-1"]
[WhiteElo "1120"]
[BlackElo "1075"]
[PlyCount "30"]
[EventDate "2020.11.12"]
[WhiteTeam "Ojays G"]
[BlackTeam "May The Fork Be With You 6"]

1. e4 e5 2. Nf3 Nc6 3. Bc4 Be7 4. Nc3 Nf6 5. d4 exd4 6. Nxd4 O-O 7. Nxc6 dxc6
8. Qxd8 Rxd8 9. O-O Rd4 10. b3 Nxe4 11. Re1 Nxc3 12. Rxe7 Rd1+ 13. Re1 Rxe1+
14. Bf1 Ne2+ 15. Kh1 Rxf1# 0-1

[Event "Junior Online 4NCL Division 4"]
[Site "online"]
[Date "2020.11.12"]
[Round "7.225"]
[White "Wang, Yile"]
[Black "Sharma, Krish"]
[Result "0-1"]
[WhiteElo "1195"]
[BlackElo "1150"]
[PlyCount "54"]
[EventDate "2020.11.12"]
[WhiteTeam "Ojays G"]
[BlackTeam "May The Fork Be With You 6"]

1. e4 c6 2. d3 d5 3. Nd2 dxe4 4. dxe4 e5 5. b3 Bc5 6. Bb2 f6 7. Ngf3 Be6 8. Bc4
Bxc4 9. Nxc4 Qxd1+ 10. Rxd1 Ne7 11. O-O O-O 12. Nd6 Bxd6 13. Rxd6 Na6 14. Rd7
Ng6 15. Rxb7 Nc5 16. Rc7 Nxe4 17. Rxc6 Nf4 18. Re1 Ng5 19. Nxg5 fxg5 20. Bxe5
Rae8 21. g3 Nh3+ 22. Kg2 g4 23. Re3 Rxf2+ 24. Kh1 Rd8 25. Re1 h6 26. Rc7 Rdd2
27. Rc8+ Kh7 0-1

[Event "Junior Online 4NCL Division 4"]
[Site "online"]
[Date "2020.11.12"]
[Round "7.226"]
[White "Kataria, Dhairya"]
[Black "Baker, Lawrence"]
[Result "1-0"]
[WhiteElo "1150"]
[BlackElo "1195"]
[PlyCount "23"]
[EventDate "2020.11.12"]
[WhiteTeam "May The Fork Be With You 6"]
[BlackTeam "Ojays G"]

1. e4 e5 2. Nf3 Nc6 3. Nc3 Nf6 4. Bc4 Bc5 5. d3 d6 6. Bg5 Bg4 7. h3 Bxf3 8.
Qxf3 Qe7 9. Nd5 Qd8 10. Nxf6+ gxf6 11. Bxf6 Qxf6 12. Qxf6 1-0